Sports Quiz

Random Sports or Baseball Quiz
Score 0/60 Timer 10:00
0 Plays Today
Rank Player % Correct
1Babe Ruth
98.3%
3Barry Bonds
96.4%
2Ted Williams
94.9%
19 (Tie)Willie Mays
92.2%
6 (Tie)Albert Pujols
91.1%
4Lou Gehrig
90.5%
6 (Tie)Mickey Mantle
90.5%
39 (Tie)Alex Rodriguez
89.6%
22 (Tie)Hank Aaron
88.2%
10 Ty Cobb
86.1%
22 (Tie)Manny Ramirez
85.7%
22 (Tie)Joe DiMaggio
85.1%
19 (Tie)Frank Thomas
82.7%
12 (Tie)Mark McGwire
82.1%
26Frank Robinson
81.4%
11Jimmie Foxx
80.8%
8 (Tie)Joe Jackson
80.1%
15Stan Musial
78.1%
45 (Tie)Jim Thome
77.5%
31 (Tie)Honus Wagner
76.2%
39 (Tie)Mike Schmidt
74.3%
52 (Tie)Harmon Killebrew
74%
5Rogers Hornsby
71.4%
39 (Tie)Willie McCovey
70.4%
22 (Tie)Mel Ott
70%
16 (Tie)Hank Greenberg
66.5%
34 (Tie)Jeff Bagwell
65.4%
52 (Tie)Chipper Jones
62.6%
31 (Tie)Charley Jones
62.3%
16 (Tie)Tris Speaker
60.9%
Rank Player % Correct
39 (Tie)Willie Stargell
60.5%
52 (Tie)Eddie Mathews
56.7%
34 (Tie)Ralph Kiner
54.4%
31 (Tie)Nap Lajoie
52.7%
52 (Tie)Albert Belle
49.9%
47Vladimir Guerrero
48.3%
39 (Tie)Edgar Martinez
45.9%
48 (Tie)Hack Wilson
44.4%
16 (Tie)Johnny Mize
41.6%
48 (Tie)Jason Giambi
40.4%
39 (Tie)Lance Berkman
39.1%
28 (Tie)Ed Delahanty
31.9%
48 (Tie)Sam Crawford
31.6%
19 (Tie)Dick Allen
31%
38Harry Heilmann
29.9%
8 (Tie)Dan Brouthers
24.8%
52 (Tie)Lefty O'Doul
19.3%
45 (Tie)Sam Thompson
17.7%
27Roger Connor
14.6%
28 (Tie)Charlie Keller
10.4%
52 (Tie)Tip O'Neill
9.5%
30Gavvy Cravath
8.9%
12 (Tie)Pete Browning
5.6%
14Dave Orr
4%
34 (Tie)Elmer Flick
3.6%
52 (Tie)Harry Stovey
2.9%
52 (Tie)George Stone
1.9%
48 (Tie)Mike Donlin
1.3%
52 (Tie)Bill Joyce
1.3%
34 (Tie)Benny Kauff
1.2%

You're not logged in!

Compare scores with friends on all Sporcle quizzes.
OR
Log In

Sporcle TV

Today on Sporcle TV


Watch our educational content, quiz creation guides, and fun videos on Sporcle TV.

Show Comments

Extras

Top Quizzes Today


Score Distribution

Paid Content

Your Account Isn't Verified!

In order to create a playlist on Sporcle, you need to verify the email address you used during registration. Go to your Sporcle Settings to finish the process.

Report this User

Report this user for behavior that violates our Community Guidelines.

Details: